| 000 | 00668nam a2200217Ii 4500 | ||
|---|---|---|---|
| 003 | JO-AjNU | ||
| 008 | 230606s9999||||xx |||||||||||||| ||und|| | ||
| 020 | _a0-273-64602-8 | ||
| 040 |
_aJO-AjNU _beng _erda _cJO-AjNU |
||
| 041 | _aeng | ||
| 050 | 1 | 4 | _aHF5625.C74 2000 |
| 100 | 3 |
_aNobes,Christopher/Parker,Robert, _eauthor _93435 |
|
| 245 | 0 | 0 | _aComparative International Accounting |
| 250 | _a6th ed | ||
| 264 | 3 | 1 | _aHarlow: pearson education limited,2000 |
| 300 |
_a534p _bIncludes indexes 524-534 p |
||
| 336 |
_atext _btxt _2rdacontent |
||
| 337 |
_aunmediated _bn _2rdamedia |
||
| 338 |
_avolume _bnc _2rdacarrier |
||
| 650 | 4 |
_aInternational Accounting _93436 |
|
| 999 |
_aE1793 _c1793 _d1793 |
||